000 04657njm0a2200445 4500
001 RU\NLR\ONIZ\298525
005 20250708193916.0
035 _a(NLR Aleph) 022043756
071 0 0 _aД-6421-2
090 _a13285400
_c13285400
100 _a20220905f19611968|||y0rusy50 ca
102 _aRU
126 _aabaxdxu ux
_bxxx
127 _a003500
200 1 _a[Играет] И. Браудо, орган
_bЗвукозапись
203 _aМузыка
_bисполнительская
_cаудио
210 _aЛенинград
_cАккорд
_d[19--]
215 _a1 грп. [ГОСТ 5289-61] (35 мин) : 33 об/мин, моно
_d25 см, в конв.
327 1 _a1. Органная прелюдия и фуга ля минор / И. С. Бах.
_a2. Эхо / А. Резон.
_a3. Пастораль / Д. Циполи.
_a4. Органная прелюдия и фуга до минор / И. С. Бах.
_a5. Токката / Л. Боельман
464 0 _12001#$aОрганная прелюдия и фуга ля минор$fИ. С. Бах
_16061#$aКомпозиторы зарубежные$yГермания$z17-18 вв.$jЗвукозапись$2nlr_sh$7ca
_16061#$aПрелюдии и фуги для органа$yГермания$z17-18 вв.$jЗвукозапись$2nlr_sh
_16890#$aЩ954.3-058.4(4Г)
_1700#1$9z01790$aБах$bИ. С.$gИоганн Себастьян$f1685 - 1750$4230$7ca
_1790#1$9z01700$aBach$bJ.S.$gJohann Sebastian$f1685 - 1750$4230$7ba
_tОрганная прелюдия и фуга ля минор
_aБах, Иоганн Себастьян (1685 - 1750)
464 0 _12001#$aЭхо$fА. Резон
_16061#$aКомпозиторы зарубежные$yФранция$z17-18 вв.$jЗвукозапись$2nlr_sh
_16061#$aПроизведения для органа$yФранция$z17-18 вв.$jЗвукозапись$2nlr_sh
_16890#$aЩ954.3-058.9(4Фр)
_1701#1$9z01790$aРезон$bА.$gАндре$cкомпозитор$f1640-1719$4230$7ca
_1790#1$9z01701$aRaison$bA.$gAndré$ccomposer$f1640-1719$4230$7ba
_tЭхо
464 0 _12001#$aПастораль$fД. Циполи
_16061#$aКомпозиторы зарубежные$yИталия$z17-18 вв.$jЗвукозапись$2nlr_sh
_16061#$aПасторали для органа$yИталия$z17-18 вв.$jЗвукозапись$2nlr_sh
_16890#$aЩ954.3-058.8(4Ит)
_1700#1$9z01790$aЦиполи$bД.$gДоменико$cкомпозитор$f1688-1726$4230$7ca
_1790#1$9z01700$aZipoli$bD.$gDomenico$ccomposer$f1688-1726$4230$7ba
_tПастораль
_aЦиполи, Доменико (композитор ; 1688-1726)
464 0 _12001#$aОрганная прелюдия и фуга до минор$fИ. С. Бах
_16061#$aКомпозиторы зарубежные$yГермания$z17-18 вв.$jЗвукозапись$2nlr_sh$7ca
_16061#$aПрелюдии и фуги для органа$yГермания$z17-18 вв.$jЗвукозапись$2nlr_sh
_16890#$aЩ954.3-045(4Г)
_1700#1$9z01790$aБах$bИ. С.$gИоганн Себастьян$f1685 - 1750$4230$7ca
_1790#1$9z01700$aBach$bJ.S.$gJohann Sebastian$f1685 - 1750$4230$7ba
_tОрганная прелюдия и фуга до минор
_aБах, Иоганн Себастьян (1685 - 1750)
464 0 _12001#$aТокката$fЛ. Боельман
_16061#$aКомпозиторы зарубежные$yФранция$z19 век$jЗвукозапись$2nlr_sh
_16061#$aТоккаты для органа$yФранция$z19 век$jЗвукозапись$2nlr_sh
_16890#$aЩ954.3-045(4Фр)
_1700#1$9z01790$aБоэльман$bЛ.$gЛеон$cкомпозитор$f1862-1897$4230$7ca
_1790#1$9z01700$aBoëllmann$bL.$gLéon$ccomposer$f1862-1897$4230$7ba
_tТокката
_aБоэльман, Леон (композитор ; 1862-1897)
606 1 _aОрганисты советские
_z19-20 вв.
_jЗвукозапись
_2nlr_sh
606 1 _aОрганная музыка
_yЕвропа
_z17-19 вв.
_jЗвукозапись
_2nlr_sh
606 1 _aПолифоническая музыка для органа
_yЕвропа
_z17-19 вв.
_jЗвукозапись
_2nlr_sh
686 0 _aЩ954.3, 8(2)
686 0 _aЩ954.3я43(4)
700 1 _9z03790
_aБраудо
_bИ. А.
_cорган
_f1896-1970
_gИсай Александрович
_4590
_4kor
_7ca
790 1 _9z03700
_aBraudo
_bI. A.
_f1896-1970
_gIsajja Aleksandrovič
_4590
_4kor
_7ba
801 0 _aRU
_bNLR
_c20220905
_gPSBO
801 1 _aRU
_bNLR
_c20220905
_2rusmarc
801 2 _aRU
_bNLR
_c20230707
852 _aNLR
_bМг
_j2/893
_p1902
_t1
852 _aNLR
_bМг
_j2/14а
_p1993
_t2
942 _cREC
980 _aNB
980 _aONIZ